Về người khiếu nại, người khiếu kiện vụ án hành chính thuộc trường hợp quy định tại khoản 17 điều 11 của pháp lệnh Thủ tục giải quyết các vụ án hành chính /
Gardado en:
| Autor Principal: | |
|---|---|
| Formato: | Artigo |
| Idioma: | Vietnamese |
| Những chủ đề: | |
| Các nhãn: |
Engadir etiqueta
Sen Etiquetas, Sexa o primeiro en etiquetar este rexistro!
|
| Thư viện lưu trữ: | Thư viện Trường Đại học Đà Lạt |
|---|
| LEADER | 00957nam a2200277 4500 | ||
|---|---|---|---|
| 001 | DLU160177319 | ||
| 005 | ##20161031 | ||
| 040 | # | # | |a DLU |b vie |
| 041 | # | # | |a vie |
| 044 | # | # | |a vn |
| 100 | # | # | |a Đỗ Văn Chỉnh. |
| 245 | # | # | |a Về người khiếu nại, người khiếu kiện vụ án hành chính thuộc trường hợp quy định tại khoản 17 điều 11 của pháp lệnh Thủ tục giải quyết các vụ án hành chính / |c Đỗ Văn Chỉnh. |
| 653 | # | # | |a Khiếu kiện |
| 653 | # | # | |a Khiếu nại |
| 653 | # | # | |a Thủ tục giải quyết |
| 653 | # | # | |a Vụ án hành chính |
| 773 | # | # | |t Tạp chí Tòa án nhân dân |g Số2, 2010, tr. 24-28 |
| 920 | # | # | |a Phòng Tạp chí -- Trung tâm Thông tin - Thư viện Trường Đại học Đà Lạt |
| 994 | # | # | |a DLU |
| 900 | # | # | |a True |
| 911 | # | # | |a Nguyễn Thị Mai Anh |
| 925 | # | # | |a G |
| 926 | # | # | |a A |
| 927 | # | # | |a BB |
| 980 | # | # | |a Thư viện Trường Đại học Đà Lạt |